[Event "Wch U18 Girls"]
[Site "Maribor"]
[Date "2012.11.18"]
[Round "11.31"]
[White "Popadic, Mirjana"]
[Black "Stepanyan, Astghik"]
[Result "1-0"]
[WhiteElo "1598"]
[BlackElo "1799"]
[PlyCount "65"]
[EventDate "2012.11.08"]
[EventType "swiss"]
[EventRounds "11"]
[EventCountry "SLO"]
[SourceTitle "EXT 2013"]
[Source "ChessBase"]
[SourceDate "2012.11.22"]
[SourceVersion "1"]
[SourceVersionDate "2012.11.22"]
[SourceQuality "1"]

1. e4 c5 2. Nf3 d6 3. d4 cxd4 4. Nxd4 Nf6 5. Nc3 Nc6 6. Be3 Bd7 7. Be2 g6 8. 0-0 Bg7 9. Qd2 0-0 10. h3 a6 11. f4 b5 12. Nxc6 Bxc6 13. Bf3 b4 14. Nd5 Nxd5 15. exd5 Bb5 16. Rfb1 Qc7 17. Qxb4 Qxc2 18. Bd4 Rfc8 19. Bxg7 Rc4 20. Qe1 Kxg7 21. Qxe7 Rxf4 22. Qxd6 Rxf3 23. gxf3 Qe2 24. Qf4 Qd2 25. Qe5+ Kg8 26. Rd1 Qb4 27. b3 Re8 28. Qd4 Qd6 29. f4 Bd7 30. Re1 Rd8 31. h4 Bg4 32. Re3 Qxd5 33. Re8+ 1-0

[Event "Wch U18 Girls"]
[Site "Maribor"]
[Date "2012.11.16"]
[Round "9.30"]
[White "Hapala, Elisabeth"]
[Black "Stepanyan, Astghik"]
[Result "1/2-1/2"]
[WhiteElo "2025"]
[BlackElo "1799"]
[PlyCount "44"]
[EventDate "2012.11.08"]
[EventType "swiss"]
[EventRounds "11"]
[EventCountry "SLO"]
[SourceTitle "EXT 2013"]
[Source "ChessBase"]
[SourceDate "2012.11.22"]
[SourceVersion "1"]
[SourceVersionDate "2012.11.22"]
[SourceQuality "1"]

1. e4 c5 2. Nf3 d6 3. d4 cxd4 4. Nxd4 Nf6 5. Nc3 Nc6 6. Bg5 e6 7. Qd2 a6 8. 0-0-0 Bd7 9. f4 b5 10. Bxf6 gxf6 11. Nxc6 Bxc6 12. Qe3 Be7 13. f5 Qc7 14. Kb1 Rc8 15. Bd3 Qb7 16. Rhe1 a5 17. Ne2 e5 18. Ng3 h5 19. Qe2 h4 20. Nf1 Kd7 21. Ne3 Rb8 22. Nf1 Bf8 1/2-1/2

[Event "Wch U18 Girls"]
[Site "Maribor"]
[Date "2012.11.10"]
[Round "3.21"]
[White "Krumova, Ani"]
[Black "Stepanyan, Astghik"]
[Result "1-0"]
[WhiteElo "2050"]
[BlackElo "1799"]
[PlyCount "77"]
[EventDate "2012.11.08"]
[EventType "swiss"]
[EventRounds "11"]
[EventCountry "SLO"]
[SourceTitle "EXT 2013"]
[Source "ChessBase"]
[SourceDate "2012.11.22"]
[SourceVersion "1"]
[SourceVersionDate "2012.11.22"]
[SourceQuality "1"]

1. e4 c5 2. c3 d5 3. exd5 Qxd5 4. d4 Nf6 5. Nf3 Bg4 6. Be2 e6 7. 0-0 Be7 8. Be3 cxd4 9. cxd4 0-0 10. Nc3 Qd8 11. h3 Bh5 12. Qb3 b6 13. Rfd1 Nc6 14. d5 Na5 15. Qb5 a6 16. Qxb6 Qxb6 17. Bxb6 Bxf3 18. Bxf3 Nc4 19. d6 Bxd6 20. Bxa8 Rxa8 21. b3 Nxb6 22. Rxd6 Nfd5 23. Nxd5 Nxd5 24. Rc1 Kf8 25. Rcc6 Nb4 26. Rb6 Ke7 27. a3 Nd5 28. Rxa6 Rb8 29. b4 Nc7 30. Rab6 Ra8 31. Rd3 Ra7 32. b5 Nd5 33. Rb8 Nf4 34. b6 Ra5 35. Rb7+ Kf6 36. Rf3 Ke5 37. Rxf7 g5 38. Rb3 Ne2+ 39. Kh2 1-0

[Event "Wch U18 Girls"]
[Site "Maribor"]
[Date "2012.11.08"]
[Round "1.20"]
[White "Ibrahimova, Sabina Oqtay"]
[Black "Stepanyan, Astghik"]
[Result "1-0"]
[WhiteElo "2118"]
[BlackElo "1799"]
[PlyCount "95"]
[EventDate "2012.11.08"]
[EventType "swiss"]
[EventRounds "11"]
[EventCountry "SLO"]
[SourceTitle "EXT 2013"]
[Source "ChessBase"]
[SourceDate "2012.11.22"]
[SourceVersion "1"]
[SourceVersionDate "2012.11.22"]
[SourceQuality "1"]

1. e4 c5 2. Nf3 Nc6 3. d4 cxd4 4. Nxd4 Nf6 5. Nc3 d6 6. f4 e6 7. Nf3 a6 8. Bd3 Be7 9. 0-0 b5 10. a3 Bb7 11. Qe1 Rc8 12. Bd2 0-0 13. Qg3 b4 14. axb4 Nxb4 15. Qh3 Nxd3 16. cxd3 Qb6+ 17. Kh1 Rc7 18. Na4 Qa7 19. Ba5 Rc6 20. Bc3 Bd8 21. Bd4 Qb8 22. e5 Nd5 23. Qg4 Rc2 24. Nc3 g6 25. Ne4 Bb6 26. Bxb6 Nxb6 27. Nf6+ Kg7 28. Nh5+ Kg8 29. Nf6+ Kg7 30. Qh4 h6 31. Ng4 Rh8 32. Qf6+ Kg8 33. exd6 Nd5 34. Qe5 Rc6 35. d7 Qd8 36. Nxh6+ Rxh6 37. Qg5 Rxh2+ 38. Kxh2 Qxd7 39. Ne5 Qc7 40. Nxc6 Qxc6 41. Rf3 Kf8 42. Rh3 Ne7 43. Rh8+ Ng8 44. Qd8+ Kg7 45. Rxg8+ Kh7 46. Rg1 Qa4 47. Rh8+ Kg7 48. Qh4 1-0

[Event "BCF-chT1d 1011 (4NCL) Demotion pool"]
[Site "England"]
[Date "2011.05.01"]
[Round "10.17"]
[White "Stepanyan, Astghik"]
[Black "York Andersen, Anna"]
[Result "1/2-1/2"]
[WhiteElo "1823"]
[BlackElo "1801"]
[PlyCount "22"]
[EventDate "2010.11.06"]
[EventType "team-tourn"]
[EventRounds "4"]
[EventCountry "ENG"]
[SourceTitle "EXT 2012"]
[Source "ChessBase"]
[SourceDate "2011.11.24"]
[SourceVersion "1"]
[SourceVersionDate "2011.11.24"]
[SourceQuality "1"]
[WhiteTeam "Warwicks Select"]
[BlackTeam "Sambuca Sharks"]
[WhiteTeamCountry "ENG"]
[BlackTeamCountry "ENG"]

1. d4 Nf6 2. c4 g6 3. Nc3 d5 4. cxd5 Nxd5 5. e4 Nxc3 6. bxc3 Bg7 7. Rb1 0-0 8. Nf3 c5 9. Be2 Nc6 10. Be3 Qa5 11. 0-0 Rd8 1/2-1/2

[Event "BCF-chT1d 1011 (4NCL) Demotion pool"]
[Site "England"]
[Date "2011.04.30"]
[Round "9.17"]
[White "Chevannes, Sabrina"]
[Black "Stepanyan, Astghik"]
[Result "1-0"]
[WhiteElo "2074"]
[BlackElo "1823"]
[PlyCount "37"]
[EventDate "2010.11.06"]
[EventType "team-tourn"]
[EventRounds "4"]
[EventCountry "ENG"]
[SourceTitle "EXT 2012"]
[Source "ChessBase"]
[SourceDate "2011.11.24"]
[SourceVersion "1"]
[SourceVersionDate "2011.11.24"]
[SourceQuality "1"]
[WhiteTeam "Cambridge"]
[BlackTeam "Warwicks Select"]
[WhiteTeamCountry "ENG"]
[BlackTeamCountry "ENG"]

1. d4 d5 2. Bf4 Nf6 3. e3 e6 4. c4 c5 5. Nc3 a6 6. Nf3 Nc6 7. dxc5 Bxc5 8. a3 dxc4 9. Qxd8+ Nxd8 10. Bxc4 b5 11. Be2 Bb7 12. 0-0 0-0 13. Rac1 Rc8 14. Rfd1 Be7 15. Ne5 Ba8 16. Nd5 Nxd5 17. Rxc8 Bb7 18. Rcc1 Bc8 19. Rxc8 1-0

[Event "BCF-chT1a 1011 (4NCL)"]
[Site "England"]
[Date "2011.03.26"]
[Round "7.11"]
[White "Kilpatrick, Callum"]
[Black "Stepanyan, Astghik"]
[Result "1-0"]
[WhiteElo "2247"]
[BlackElo "1823"]
[PlyCount "61"]
[EventDate "2010.11.06"]
[EventType "team-tourn"]
[EventRounds "7"]
[EventCountry "ENG"]
[SourceTitle "EXT 2012"]
[Source "ChessBase"]
[SourceDate "2011.11.24"]
[SourceVersion "1"]
[SourceVersionDate "2011.11.24"]
[SourceQuality "1"]
[WhiteTeam "Pride and Prejudice"]
[BlackTeam "Warwicks Select"]
[WhiteTeamCountry "ENG"]
[BlackTeamCountry "ENG"]

1. e4 c5 2. Nf3 Nc6 3. Bb5 d6 4. 0-0 Nf6 5. Re1 e5 6. c3 Bg4 7. h3 Bd7 8. d4 Qc7 9. d5 Ne7 10. Bd3 b5 11. a4 Qa5 12. Na3 a6 13. axb5 Nc8 14. bxa6 Be7 15. Be3 0-0 16. b4 cxb4 17. Nc4 Qc7 18. cxb4 Bb5 19. Nb2 Qb8 20. a7 Qb7 21. Bxb5 Qxb5 22. Qc2 Qb7 23. Nc4 Nxa7 24. Na5 Qd7 25. Bxa7 Rxa7 26. Nc6 Rxa1 27. Rxa1 Bd8 28. Ra7 Qc8 29. Ng5 h6 30. Nxf7 Nxe4 31. Nfxd8 1-0

[Event "BCF-chT3 0910 (4NCL)"]
[Site "England"]
[Date "2010.01.16"]
[Round "3.6"]
[White "Gilbert, Colin"]
[Black "Stepanyan, Astghik"]
[Result "1-0"]
[WhiteElo "1864"]
[BlackElo "1866"]
[PlyCount "79"]
[EventDate "2009.10.24"]
[EventType "team-tourn"]
[EventRounds "11"]
[EventCountry "ENG"]
[SourceTitle "EXT 2011"]
[Source "ChessBase"]
[SourceDate "2010.11.26"]
[SourceVersion "1"]
[SourceVersionDate "2010.11.26"]
[SourceQuality "1"]
[WhiteTeam "The Full Ponty"]
[BlackTeam "Warwicks Select II"]
[WhiteTeamCountry "ENG"]
[BlackTeamCountry "ENG"]

1. d4 d5 2. c4 e6 3. Nf3 Nf6 4. Nc3 Bb4 5. Bg5 c5 6. cxd5 exd5 7. g3 h6 8. Bxf6 Qxf6 9. a3 cxd4 10. Qxd4 Qxd4 11. Nxd4 Bxc3+ 12. bxc3 a6 13. Bg2 Be6 14. Rb1 Ra7 15. f4 g6 16. Kd2 Kd7 17. Rb6 Nc6 18. Nxe6 fxe6 19. Rhb1 Kc7 20. e4 Rd8 21. e5 Re8 22. Kd3 Nd8 23. c4 dxc4+ 24. Kxc4 Ra8 25. a4 Rc8 26. a5 Kb8+ 27. Kd3 Re7 28. Rxa6 Rec7 29. Rb3 g5 30. Rab6 gxf4 31. a6 Rd7+ 32. Rd6 Rcc7 33. gxf4 Nc6 34. Bxc6 Rxd6+ 35. exd6 Rxc6 36. Rxb7+ Ka8 37. d7 Rd6+ 38. Ke4 Rd5 39. Rc7 Kb8 40. Rc8+ 1-0

[Event "BCF-chT3 0809 (4NCL)"]
[Site "Hinckley Island"]
[Date "2009.02.07"]
[Round "5.6"]
[White "Stepanyan, Astghik"]
[Black "Botham, Christopher Paul"]
[Result "1/2-1/2"]
[WhiteElo "1775"]
[BlackElo "2042"]
[PlyCount "74"]
[EventDate "2008.10.18"]
[EventType "team-swiss"]
[EventRounds "11"]
[EventCountry "ENG"]
[SourceTitle "EXT 2010"]
[Source "ChessBase"]
[SourceDate "2010.11.25"]
[SourceVersion "1"]
[SourceVersionDate "2010.11.25"]
[SourceQuality "1"]
[WhiteTeam "Warwicks Select II"]
[BlackTeam "ICENI"]
[WhiteTeamCountry "ENG"]
[BlackTeamCountry "ENG"]

1. d4 Nf6 2. c4 g6 3. Nc3 d5 4. Nf3 Bg7 5. e3 0-0 6. Bd3 c6 7. 0-0 b6 8. a4 a5 9. b3 Bb7 10. Ba3 Nbd7 11. Rc1 dxc4 12. bxc4 Re8 13. e4 e5 14. d5 Bf8 15. Bxf8 Kxf8 16. Qd2 Kg7 17. Rfd1 Qc7 18. Qb2 Rab8 19. Bc2 Nc5 20. dxc6 Bxc6 21. Nd5 Bxd5 22. cxd5 Qd6 23. Nd2 Nfd7 24. Nc4 Qc7 25. d6 Qd8 26. Nxe5 Nxe5 27. f4 f6 28. fxe5 Rxe5 29. Qd4 Qd7 30. Bd3 Rd8 31. Bb5 Qb7 32. Re1 Qf7 33. Rcd1 Qe6 34. Bc6 Kf8 35. Rf1 Kg7 36. Rfe1 Kf8 37. Qd2 Kg7 1/2-1/2

[Event "BCF-chT3 0809 (4NCL)"]
[Site "Hinckley Island"]
[Date "2008.10.18"]
[Round "1.6"]
[White "Edwards, Alan"]
[Black "Stepanyan, Astghik"]
[Result "1-0"]
[WhiteElo "2085"]
[BlackElo "1775"]
[PlyCount "105"]
[EventDate "2008.10.18"]
[EventType "team-swiss"]
[EventRounds "11"]
[EventCountry "ENG"]
[SourceTitle "EXT 2010"]
[Source "ChessBase"]
[SourceDate "2010.11.25"]
[SourceVersion "1"]
[SourceVersionDate "2010.11.25"]
[SourceQuality "1"]
[WhiteTeam "Leicester"]
[BlackTeam "Warwicks Select II"]
[WhiteTeamCountry "ENG"]
[BlackTeamCountry "ENG"]

1. e4 c5 2. c3 d5 3. exd5 Qxd5 4. d4 Nf6 5. Nf3 Bg4 6. Be2 e6 7. 0-0 Nc6 8. Na3 a6 9. Nc2 Bh5 10. Be3 cxd4 11. Ncxd4 Be7 12. Nxc6 bxc6 13. c4 Qxd1 14. Rfxd1 c5 15. h3 0-0 16. Kf1 Rab8 17. b3 Ne4 18. g4 Bg6 19. Ne5 Bf6 20. Nxg6 hxg6 21. Rac1 Nc3 22. Rd2 Rfd8 23. Rdc2 Nxe2 24. Kxe2 Bd4 25. Bxd4 Rxd4 26. Rd1 Rbd8 27. Rxd4 Rxd4 28. Rd2 Rxd2+ 29. Kxd2 Kf8 30. Kc3 a5 31. a3 Ke7 32. b4 axb4+ 33. axb4 cxb4+ 34. Kxb4 Kd7 35. Kc5 Kc7 36. f4 f6 37. Kb5 f5 38. Kc5 g5 39. fxg5 f4 40. Kd4 Kc6 41. h4 e5+ 42. Ke4 Kc5 43. h5 Kxc4 44. h6 gxh6 45. gxh6 Kc3 46. h7 Kd2 47. h8Q Ke2 48. Qxe5 f3 49. Qf4 f2 50. g5 f1Q 51. Qxf1+ Kxf1 52. g6 Ke1 53. g7 1-0

[Event "BCF-chT3 0607 (4NCL)"]
[Site "Sunningdale"]
[Date "2007.01.14"]
[Round "6.8"]
[White "Stepanyan, Astghik"]
[Black "Franklin, Samuel Gideon"]
[Result "0-1"]
[WhiteElo "1550"]
[BlackElo "1880"]
[PlyCount "80"]
[EventDate "2006.09.16"]
[EventType "team-tourn"]
[EventRounds "11"]
[EventCountry "ENG"]
[SourceTitle "EXT 2008"]
[Source "ChessBase"]
[SourceDate "2007.11.25"]
[SourceVersion "1"]
[SourceVersionDate "2007.11.25"]
[SourceQuality "1"]
[WhiteTeam "Cheddleton"]
[BlackTeam "Guildford IV"]
[WhiteTeamCountry "ENG"]
[BlackTeamCountry "ENG"]

1. d4 Nf6 2. c4 g6 3. Nf3 Bg7 4. Nc3 0-0 5. Bg5 c5 6. d5 d6 7. e3 a6 8. a4 Qa5 9. Bd3 Bg4 10. 0-0 Nbd7 11. h3 Bxf3 12. Qxf3 Ne5 13. Qe2 Rfe8 14. Rac1 Nfd7 15. Bc2 Nb6 16. Bb3 Qb4 17. Ba2 Nexc4 18. Bxc4 Qxc4 19. Qxc4 Nxc4 20. b3 Nd2 21. Rfd1 Bxc3 22. Rxc3 Ne4 23. Rc4 Nxg5 24. h4 b5 25. axb5 axb5 26. Rcc1 Ne4 27. f3 Nf6 28. e4 Ra3 29. Rb1 Nd7 30. b4 c4 31. Kf1 Ra2 32. Ra1 Rea8 33. Rab1 Nb6 34. Re1 f6 35. Re2 Rxe2 36. Kxe2 Ra2+ 37. Kf1 Na4 38. g4 c3 39. Ke1 Rh2 40. Kd1 c2+ 0-1